Ammonia removal from aqueous solution in presence of organic compounds using modified biochar from banana leaves

Elmentve itt :
Bibliográfiai részletek
Szerzők: Pantoja Fernanda
Beszédes Sándor
László Zsuzsanna
Testületi szerző: International conference on science, technology, engineering and economy (2022) (Szeged)
Dokumentumtípus: Könyv része
Megjelent: Faculty of Engineering, University of Szeged Szeged 2022
Sorozat:International Conference on Science, Technology, Engineering and Economy
Kulcsszavak:Adszorpció - előadáskivonat, Környezetvédelem - előadáskivonat, Kémiai technológia - előadáskivonat, Víztisztítás - előadáskivonat, Ammónium - előadáskivonat, Környezetkémia - előadáskivonat, Bioszén - előadáskivonat
Tárgyszavak:
Online Access:http://acta.bibl.u-szeged.hu/75196
LEADER 01350naa a2200265 i 4500
001 acta75196
005 20221108104649.0
008 220419s2022 hu o 1|| eng d
020 |a 978-963-306-853-3 
040 |a SZTE Egyetemi Kiadványok Repozitórium  |b hun 
041 |a eng 
100 1 |a Pantoja Fernanda 
245 1 0 |a Ammonia removal from aqueous solution in presence of organic compounds using modified biochar from banana leaves  |h [elektronikus dokumentum] /  |c  Pantoja Fernanda 
260 |a Faculty of Engineering, University of Szeged  |b Szeged  |c 2022 
300 |a 24 
490 0 |a International Conference on Science, Technology, Engineering and Economy 
650 4 |a Természettudományok 
650 4 |a Kémiai tudományok 
650 4 |a Műszaki és technológiai tudományok 
650 4 |a Környezeti biotechnológia 
695 |a Adszorpció - előadáskivonat, Környezetvédelem - előadáskivonat, Kémiai technológia - előadáskivonat, Víztisztítás - előadáskivonat, Ammónium - előadáskivonat, Környezetkémia - előadáskivonat, Bioszén - előadáskivonat 
700 0 1 |a Beszédes Sándor  |e aut 
700 0 1 |a László Zsuzsanna  |e aut 
710 |a International conference on science, technology, engineering and economy (2022) (Szeged) 
856 4 0 |u http://acta.bibl.u-szeged.hu/75196/1/2022_icostee_024.pdf  |z Dokumentum-elérés